[Event "Warsaw Najdorf Memorial op-C"]
[Site "Warsaw"]
[Date "2009.07.25"]
[Round "8"]
[White "Mucha, Magdalena"]
[Black "Bergkvist, Fredrik"]
[Result "1-0"]
[WhiteElo "1787"]
[BlackElo "1989"]
[PlyCount "69"]
[EventDate "2009.07.18"]
[EventType "swiss"]
[EventRounds "9"]
[EventCountry "POL"]
[SourceTitle "EXT 2012"]
[Source "ChessBase"]
[SourceDate "2011.11.24"]
[SourceVersion "1"]
[SourceVersionDate "2011.11.24"]
[SourceQuality "1"]

1. e4 e5 2. Nf3 Nc6 3. Bc4 Nf6 4. d3 Be7 5. c3 d6 6. Nbd2 0-0 7. Bb3 Na5 8. Bc2 c5 9. 0-0 Nc6 10. Re1 Re8 11. Nf1 Bg4 12. h3 Bh5 13. g4 Bg6 14. Ng3 d5 15. Qe2 d4 16. Nf5 Bf8 17. Bg5 Bxf5 18. gxf5 Qd6 19. Kh1 b5 20. Rg1 Kh8 21. Bb3 Re7 22. cxd4 Nxd4 23. Nxd4 cxd4 24. Rac1 Rd7 25. Rc2 g6 26. Rgc1 Nh5 27. Rc6 Qb8 28. Qg4 Qe8 29. fxg6 hxg6 30. Rc7 Rxc7 31. Rxc7 f6 32. Bf7 Qd8 33. Rd7 Qc8 34. Bxg6 Bg7 35. Qxh5+ 1-0

[Event "Warsaw Najdorf Memorial op-C"]
[Site "Warsaw"]
[Date "2009.07.22"]
[Round "5"]
[White "Bergkvist, Fredrik"]
[Black "Pastuszko, Kinga"]
[Result "1-0"]
[WhiteElo "1989"]
[BlackElo "1806"]
[PlyCount "67"]
[EventDate "2009.07.18"]
[EventType "swiss"]
[EventRounds "9"]
[EventCountry "POL"]
[SourceTitle "EXT 2012"]
[Source "ChessBase"]
[SourceDate "2011.11.24"]
[SourceVersion "1"]
[SourceVersionDate "2011.11.24"]
[SourceQuality "1"]

1. e4 e5 2. Nf3 Nc6 3. Bb5 a6 4. Ba4 Nf6 5. 0-0 b5 6. Bb3 Bc5 7. a4 Bb7 8. d3 d6 9. Nc3 b4 10. Nd5 Nxd5 11. Bxd5 0-0 12. Bg5 Qd7 13. Be3 Bb6 14. c3 bxc3 15. bxc3 Na5 16. Bxb7 Nxb7 17. Bxb6 cxb6 18. d4 Qc7 19. Qd3 Rfe8 20. Rab1 Qc6 21. Rfe1 Na5 22. Rb4 f6 23. Reb1 Reb8 24. Nh4 g6 25. Nf3 Rb7 26. h3 Qc7 27. dxe5 dxe5 28. Qd5+ Kf8 29. Rxb6 Rxb6 30. Qxa8+ Ke7 31. Rd1 Rd6 32. Rxd6 Qxd6 33. Qa7+ Qd7 34. Qc5+ 1-0